| 000 | 00880nam a22001935i 4500 | ||
|---|---|---|---|
| 001 | 162405 | ||
| 003 | ES-MaACL | ||
| 005 | 20250727021741.0 | ||
| 008 | 990715s1900 cu |||| | spa d | ||
| 040 |
_aCCPB | B _bspa _cCCPB | B |
||
| 100 | 1 |
_aPoncela y Santiuste, Mariano. _9131259 |
|
| 245 | 1 | 3 |
_aEl individuo y las razas _b: estudiados en si mismos y en la historia : tesis presentada para optar al grado de doctor en filosofia y letras / _cpor el licenciado Mariano Poncela y Santiuste. |
| 260 |
_aHabana : _b[s.n.], _c1900 ( _fimprenta Teniente-Rey) |
||
| 300 |
_a[2], VIII, [2], 200, [2] p. ; _c21 cm. |
||
| 594 | _aPrecede al tít.: "Universidad de La Habana" | ||
| 650 | 7 |
_aAntropología cultural y social _2embne _99867 |
|
| 852 |
_aES-MaACL _jT-1006-F-8 _z-- Enc. hol., conservando la cub. original _z-- Enc. en un vol. facticio |
||
| 999 |
_c162405 _d162405 |
||